Score 0/20 Timer 02:00
2 Plays Today
TV Show Missing Word % Correct
The Addams _____Family
98.7%
I _____ LucyLove
98.2%
The _____ and the RestlessYoung
97.1%
Touched by an _____Angel
94.4%
As The _____ TurnsWorld
93.5%
The _____ Of QueensKing
93.1%
The _____ WifeGood
93%
Mad _____ YouAbout
93%
I _____ of JeannieDream
90.3%
_____ CourtNight
89.7%
TV Show Missing Word % Correct
Family _____Matters
89.3%
7th _____Heaven
88.5%
_____ it to BeaverLeave
87.9%
The _____ WingWest
87.3%
Full _____House
86.5%
_____ MindsCriminal
79.6%
_____ Under Fire Grace
78.9%
_____ To MeLie
75.7%
The Bold and the _____Beautiful
75%
_____ of the ClassHead
56.8%

Today's Daily Dose

You're not logged in!

Compare scores with friends on all Sporcle quizzes.
OR
Log In

Sporcle TV

Today on Sporcle TV


Watch our educational content, quiz creation guides, and fun videos on Sporcle TV.

Show Comments

Extras

Top Quizzes Today


Score Distribution

Your Account Isn't Verified!

In order to create a playlist on Sporcle, you need to verify the email address you used during registration. Go to your Sporcle Settings to finish the process.

Report this User

Report this user for behavior that violates our Community Guidelines.

Details: